000 00639nam a2200169Ia 4500
003 GCL
008 140319s9999 xx 000 0 ara d
040 _aGCL /
_cGCL
082 0 4 _a001.6404
_bم م
100 1 _aمحمد السعيد خشبة
245 1 0 _aمقدمة فى الحاسبات الالكترونية /
_cمحمد السعيد خشبة
260 _a[S.N] :
_bلجنة الاعلام والدراسات المستقبلية ،
_c1984
300 _a195 ص
490 _aسلسلة الحاسبات الالكترونية وتخطيط البرامج
_v0
650 0 4 _aالحاسبات الالكترونية
942 _2ddc
_cBK
999 _c53544
_d53544